[Event "ESP-ch U14 rapid"]
[Site "Salobrena"]
[Date "2024.07.21"]
[Round "7"]
[White "Gomez Falagan, Hugo"]
[Black "Alape Gonzalez, Juan David"]
[Result "0-1"]
[WhiteElo "1720"]
[BlackElo "1820"]
[PlyCount "142"]
[EventDate "2024.07.20"]
[EventType "swiss (rapid)"]
[EventRounds "9"]
[EventCountry "ESP"]
[SourceTitle "CBM 221 Extra"]
[Source "ChessBase"]
[SourceDate "2024.09.30"]
[SourceVersion "1"]
[SourceVersionDate "2024.09.30"]
[SourceQuality "1"]

1. e4 e5 2. Nf3 Nc6 3. Bc4 Nf6 4. d3 Bc5 5. Bg5 h6 6. Bh4 g5 7. Bg3 d6 8. c3 Bb6 9. a4 a5 10. Nbd2 Qe7 11. h3 Be6 12. Bb5 Bd7 13. Nc4 Bc5 14. Qe2 Nh5 15. Bh2 Nf4 16. Bxf4 gxf4 17. Rd1 f6 18. d4 Bb6 19. Nxb6 cxb6 20. Nh4 0-0-0 21. Ng6 Qg7 22. Nxh8 Qxg2 23. Rf1 Rxh8 24. d5 Nb8 25. Bxd7+ Nxd7 26. Qc4+ Kb8 27. Kd2 Nc5 28. Rde1 Qxh3 29. Qb5 h5 30. Qxb6 Qd3+ 31. Kc1 Nxe4 32. Rd1 Qc4 33. f3 Qc5 34. Qxc5 Nxc5 35. b4 axb4 36. cxb4 Nxa4 37. Kc2 Nb6 38. Kb3 Rg8 39. Rh1 Rg3 40. Rdf1 Nxd5 41. Rxh5 Ne3 42. Rf2 d5 43. b5 Ka7 44. Rh6 Ng4 45. Ra2+ Kb6 46. Rg6 Rxf3+ 47. Kb4 Rg3 48. Re2 e4 49. Rd2 e3 50. Rxd5 e2 51. Rd6+ Kc7 52. Re6 Ne5 53. Rgxf6 e1Q+ 54. Kc5 Qc3+ 55. Kd5 Rd3+ 56. Ke4 Qc4+ 57. Kf5 Nd7 58. b6+ Kd8 59. Rh6 Qd5+ 60. Kg4 Qf3+ 61. Kf5 Rd5+ 62. Kg6 Qg4+ 63. Kh7 Nf8+ 64. Kh8 Qxe6 65. Rg6 Nxg6+ 66. Kg7 Rd7+ 67. Kh6 Ne5+ 68. Kg5 Qg4+ 69. Kf6 Rf7+ 70. Kxe5 Qf5+ 71. Kd6 Rf6# 0-1

[Event "ESP-ch U14"]
[Site "Salobrena"]
[Date "2024.07.18"]
[Round "6"]
[White "Mendez Rey, Daniel"]
[Black "Gomez Falagan, Hugo"]
[Result "0-1"]
[WhiteElo "1769"]
[BlackElo "1876"]
[PlyCount "80"]
[EventDate "2024.07.15"]
[EventType "swiss"]
[EventRounds "9"]
[EventCountry "ESP"]
[SourceTitle "EXT 2025"]
[Source "ChessBase"]
[SourceDate "2024.10.14"]
[SourceVersion "1"]
[SourceVersionDate "2024.10.14"]
[SourceQuality "1"]

1. d4 d5 2. Bf4 Nf6 3. e3 e6 4. Nf3 Bd6 5. Bxd6 Qxd6 6. c4 0-0 7. Nc3 b6 8. cxd5 exd5 9. Bd3 Bg4 10. h3 Bh5 11. g4 Bg6 12. Ne5 Bxd3 13. Qxd3 Ne4 14. a3 Nxc3 15. Qxc3 Nd7 16. Nxd7 Qxd7 17. Rc1 c5 18. dxc5 bxc5 19. 0-0 h5 20. gxh5 Qxh3 21. Qe5 Qg4+ 22. Qg3 Qxh5 23. Rxc5 Rae8 24. Rfc1 Re6 25. Kf1 Rg6 26. Qf4 Re8 27. Ke1 Rf6 28. Qg3 Rf3 29. Qg2 Qf5 30. Rd1 Qe4 31. Qg1 Rh3 32. Ke2 d4 33. Rd3 Qf3+ 34. Kd2 Rh1 35. Rf5 Qxf5 36. Qxh1 Qxf2+ 37. Kc1 Rc8+ 38. Kb1 Qc2+ 39. Ka1 Qxd3 40. Qd5 Rc1+ 0-1

[Event "ESP-ch U14"]
[Site "Salobrena"]
[Date "2024.07.17"]
[Round "5"]
[White "Gomez Falagan, Hugo"]
[Black "Souto Corredoura, Hugo"]
[Result "1-0"]
[WhiteElo "1876"]
[BlackElo "1739"]
[PlyCount "131"]
[EventDate "2024.07.15"]
[EventType "swiss"]
[EventRounds "9"]
[EventCountry "ESP"]
[SourceTitle "EXT 2025"]
[Source "ChessBase"]
[SourceDate "2024.10.14"]
[SourceVersion "1"]
[SourceVersionDate "2024.10.14"]
[SourceQuality "1"]

1. e4 c5 2. Be2 Nc6 3. d3 g6 4. f4 Bg7 5. Nf3 e6 6. 0-0 Nge7 7. Nc3 d5 8. e5 0-0 9. d4 cxd4 10. Nxd4 Nxd4 11. Qxd4 Nc6 12. Qf2 a6 13. a4 Rb8 14. Rd1 Qc7 15. Be3 Rd8 16. Bb6 Qe7 17. Bxd8 Qxd8 18. Ne4 Bd7 19. Nc5 Be8 20. Bf3 a5 21. c4 Qb6 22. cxd5 exd5 23. Bxd5 Bf8 24. Ne4 Qb4 25. Kh1 Ne7 26. Nf6+ Kh8 27. Qd4 Nxd5 28. Nxd5 Qb3 29. Qb6 Qc2 30. Qc7 Rc8 31. Qxc2 Rxc2 32. Ne3 Re2 33. Rd8 Bc6 34. Rxf8+ Kg7 35. Rd8 Rxe3 36. Rd2 Re4 37. Rf2 Rxa4 38. Rxa4 Bxa4 39. Rd2 Bb3 40. Rd7 b5 41. Ra7 a4 42. g4 Bc2 43. Kg2 Kg8 44. Kg3 h6 45. h4 Be4 46. Kf2 Bd5 47. f5 gxf5 48. gxf5 Be4 49. e6 fxe6 50. fxe6 Bc2 51. Ke3 Bf5 52. e7 Bg6 53. Kf4 Kf7 54. Ke5 Bd3 55. Kd6 Bg6 56. Ra8 Kg7 57. e8Q Bxe8 58. Rxe8 b4 59. Ra8 a3 60. bxa3 bxa3 61. Rxa3 Kg6 62. Ke5 Kh5 63. Ra4 Kg6 64. Kf4 Kh5 65. Ra6 Kxh4 66. Rxh6# 1-0